Obálka
Pro půjčování e-knih musíte být přihlášeni.
Jak si půjčit online?

V pasti lží /

Napínavý psychologický thriller, v němž hlavní hrdinka nemůže věřit už ani sama sobě.

Uloženo v:
Hlavní autor: Paris, B. A. (Autor)
Další autoři: Medková, Karolina (Autor), Novotná, Eva, 1976- (Překladatel)
Médium: E-audiokniha
Jazyk:Czech
Vydáno: Praha : Motto, [2018]
Témata:
Tagy:
Žádné tagy
LEADER 03353nim a2200769 i 4500
001 313010
003 CZ PrSKC
005 20260601215733.0
007 sd fungnnmmned
008 190612t20182018xr nnnng f n cze
015 |a cnb003102320 
024 3 |a 8594050424395 
040 |a ABA001  |b cze  |e rda 
041 1 |d cze  |h eng 
072 7 |a 821.111-3  |x Anglická próza, anglicky psaná  |2 Konspekt 
080 |a 821.111-31  |2 MRF 
080 |a (0:82-311.1)  |2 MRF 
080 |a (0:82-312.4)  |2 MRF 
080 |a (086.7)08  |2 MRF 
080 |a (086.76)  |2 MRF 
100 1 |a Paris, B. A.  |7 ola2017954767  |4 aut 
240 1 0 |a Breakdown.  |l Česky 
245 1 0 |a V pasti lží /  |c B.A. Paris ; přeložila Karolína Medková 
264 1 |a Praha :  |b Motto,  |c [2018] 
264 4 |c ©2018 
300 |a 1 audiodisk (8 hod., 45 min.) ;  |c 12 cm 
306 |a 084500 
336 |a mluvené slovo  |b spw  |2 rdacontent 
337 |a audio  |b s  |2 rdamedia 
338 |a audiodisk  |b sd  |2 rdacarrier 
344 |a digital  |b optical  |2 rda 
347 |a audio soubor  |b MP3  |2 rda 
500 |a Název z disku 
500 |a Copyright Albatros Media 
500 |a Nezkrácená audiokniha na MP3 CD 
508 |a Režie Ondřej Jirásek 
511 0 |a Čte Eva Novotná 
518 |o Nahráno  |d leden 2018  |p Recording Studio Škroupova Brno 
520 2 |a Napínavý psychologický thriller, v němž hlavní hrdinka nemůže věřit už ani sama sobě.  |b Mladá učitelka Cass se jedné deštivé noci vrací domů temnou lesní cestou, kde uvidí auto a v něm sedět ženu. Cass sice napadne, že by mohla zastavit a nabídnout ženě pomoc, ale nakonec raději v dešti pospíchá dál domů. Druhý den se dozví, že žena byla nalezena mrtvá. Mohla Cass neznámou ženu zachránit? Výčitky svědomí ji paralyzují natolik, že se její život obrací naruby. Cass začne zapomínat důležité věci a v hlavě má jen mrtvou ženu. Navíc začne mít pocit, že ji někdo sleduje. Stává se z ní snad paranoidní blázen? 
655 7 |a anglické romány  |7 fd131814  |2 czenas 
655 7 |a psychologické romány  |7 fd278579  |2 czenas 
655 7 |a thrillery (romány)  |7 fd184206  |2 czenas 
655 7 |a audioknihy  |7 fd119452  |2 czenas 
655 7 |a kompaktní disky  |7 fd201991  |2 czenas 
700 1 |a Medková, Karolina  |7 xx0126769  |4 trl 
700 1 |a Novotná, Eva,  |d 1976-  |7 xx0165359  |4 nrt 
900 |a ABA001  |b 19 
044 |a xr 
505 0 0 |t 01 (28 min., 54 sek.) 
505 0 0 |t 02 (41 min., 21 sek.) 
505 0 0 |t 03 (30 min., 42 sek.) 
505 0 0 |t 04 (37 min., 3 sek.) 
505 0 0 |t 05 (31 min., 3 sek.) 
505 0 0 |t 06 (36 min., 48 sek.) 
505 0 0 |t 07 (26 min., 42 sek.) 
505 0 0 |t 08 (23 min., 2 sek.) 
505 0 0 |t 09 (41 min., 54 sek.) 
505 0 0 |t 10 (34 min., 57 sek.) 
505 0 0 |t 11 (38 min., 42 sek.) 
505 0 0 |t 12 (23 min., 49 sek.) 
505 0 0 |t 13 (40 min., 40 sek.) 
505 0 0 |t 14 (34 min., 19 sek.) 
505 0 0 |t 15 (38 min., 30 sek.) 
505 0 0 |t 16 (17 min., 18 sek.) 
910 |a RBIT002 
998 |d 206603  |a https://core.palmknihy.cz/api/books/206603/cover?silfk3  |b https://core.palmknihy.cz/api/books/206603/cover/400?silfk3  |c https://core.palmknihy.cz/api/books/206603/cover/50?silfk3  |e 2028-01-31  |i 8594050424395  |l 31500  |q 49  |r 1  |s https://www.palmknihy.cz/kniha/206603  |t audiobook  |y 2018  |z 0 
999 |d 313008